000 00451nam a2200181Ia 4500
005 20240823012921.0
008 240823s9999||||xx |||||||||||||| ||und||
041 _aENGLISH
082 _A620.11025 N8
100 _aGupta A R
245 0 _aMetrology and Instrumentations
250 _a1st
260 _c1998
_b"Satya Prakasan,New "
_aNew Delhi
500 _aYES
650 _aMetrology
_bAeronautical Engineering
942 _cBK
999 _c165761
_d165761